[Event "III Copa Marcel Duchamp 2019"]
[Site "Montevideo"]
[Date "2019.02.14"]
[Round "7.5"]
[White "De Dovitiis, Alejo"]
[Black "Alonso, Salvador"]
[Result "0-1"]
[WhiteElo "2353"]
[BlackElo "2502"]
[Annotator "TA"]
[PlyCount "96"]
[EventDate "2019.02.09"]
[EventType "swiss"]
[EventCountry "URU"]
[SourceTitle "playchess.com"]
[Source "ChessBase"]
[SourceQuality "1"]

{[%evp 9,96,20,22,-18,-18,-39,-44,-46,-56,-52,-54,-49,-49,-58,-53,-58,-28,-27,-36,-33,-26,-57,-7,-1,-6,-69,-61,-57,-59,-65,-64,-51,-54,-62,-71,-71,-70,-68,-52,-62,-37,-60,-46,-48,-34,-32,-12,-20,-8,-12,-12,-12,-14,-12,-15,-14,-1,-8,0,-53,-60,-88,-85,-97,-83,-87,-87,-242,-191,-539,-518,-502,-476,-445,-284,-606,-612,-812,-851,-894,-893,-822,-793,-1438,-1199,-1849,-1617,-2685,-2534]} 1. e4 c5 2. Nf3 Nc6 3. c3 d5 4. exd5 Qxd5 5. d4 Bf5 (5... Nf6 6. Be2 cxd4 7. cxd4 e6 8. O-O Be7 9. Nc3 Qd6 10. Nb5 Qd8 11. Bf4 Nd5 12. Bg3 O-O 13. Bc4 a6 14. Nc3 Nxc3 15. bxc3 b5 16. Bd3 Bb7 17. a4 b4 18. Rb1 Bf6 19. Be4 a5 20. cxb4 axb4 21. Bxc6 {½-½ (21) Zvjaginsev,V (2660)-Moiseenko,A (2692) Berlin 2015}) 6. Na3 {B22: Sicilian: 2 c3} cxd4 7. Bc4 Qe4+ 8. Be3 {Black is slightly better.} e6 ({Not} 8... dxe3 {[#]} 9. Bxf7+ $1 {[%mdl 512]} Kxf7 10. Ng5+ Ke8 11. Nxe4 $16) 9. cxd4 Bb4+ 10. Kf1 {[#] Black must now prevent Ng5.} Bxa3 11. bxa3 Nge7 12. Nd2 $146 ({Predecessor:} 12. Ng5 Qc2 13. Qxc2 Bxc2 {0-1 (35) Cretnik,U (2214)-Matviishen,V (2383) Gyor 2014}) 12... Qc2 13. Qxc2 Bxc2 14. Rc1 Bg6 15. Nb3 O-O-O 16. f3 Nd5 17. Kf2 (17. Bd2 $11) 17... Nxe3 $15 18. Kxe3 Kb8 19. Rhd1 Ne7 20. Kf2 Rd6 21. Rd2 Rc8 22. Bb5 Rxc1 23. Nxc1 Nd5 24. Ne2 Kc7 25. g4 Rb6 26. Bc4 f6 27. h4 Kd6 28. h5 {Strongly threatening Bxd5.} Bf7 29. Ng3 Rc6 30. Ne4+ Ke7 31. Bb3 Nc3 32. Ng3 a5 33. a4 Rc7 34. Nf1 (34. Rd3 $11) 34... Be8 35. Ne3 Bxa4 36. d5 Rd7 37. Bxa4 Nxa4 $17 {[%mdl 4096] Endgame KRN-KRN} 38. Rd4 $2 (38. Re2 $17 {keeps fighting.} exd5 39. Nc4+ Kd8 40. Nxa5) 38... Nc3 39. dxe6 $2 (39. Rc4 Nxd5 40. Nxd5+ Rxd5 41. Rc8) 39... Rxd4 $19 40. Nf5+ Kxe6 41. Nxd4+ {KN-KN} Ke5 42. Nb3 $2 (42. Ke3) 42... a4 {Black is clearly winning.} 43. Nc5 b5 {[%cal Bb7b5,Bb5b4][%mdl 32]} 44. a3 Nb1 45. Ke3 Nxa3 46. Nd3+ Kd5 47. Nf4+ Kc4 48. Ne6 b4 {Accuracy: White = 47%, Black = 77%.} 0-1

[Event "III Copa Marcel Duchamp 2019"]
[Site "Montevideo"]
[Date "2019.02.14"]
[Round "7.6"]
[White "Hoffman, Alejandro"]
[Black "Coro, Lucas"]
[Result "1/2-1/2"]
[WhiteElo "2461"]
[BlackElo "2284"]
[Annotator "TA"]
[PlyCount "51"]
[EventDate "2019.02.09"]
[EventType "swiss"]
[EventCountry "URU"]
[SourceTitle "playchess.com"]
[Source "ChessBase"]
[SourceQuality "1"]

{[%evp 17,51,-8,-12,-15,-5,-16,-16,-26,-3,-16,0,-24,-20,-27,-12,-12,-12,-17,-4,-25,-25,-35,-32,-31,-31,-31,-31,-34,-30,-43,-43,-43,-43,-50,-39,-28]} 1. g3 Nf6 2. Bg2 Nc6 3. c4 e5 4. Nc3 Bb4 5. d3 O-O 6. Bd2 Re8 7. a3 {A25: English Opening vs King's Indian with ...Nc6 but without early d3} (7. e4 a5 8. Nge2 Nd4 9. O-O c6 10. h3 h6 11. Nxd4 exd4 12. Ne2 Bxd2 13. Qxd2 c5 14. f4 d6 {1-0 (73) Iturrizaga Bonelli,E (2671)-Karthikeyan,P (2507) Dubai 2017}) 7... Bxc3 8. Bxc3 d5 9. cxd5 Nxd5 {LiveBook: 3 Games} 10. Nf3 Bg4 $146 (10... a5 {seems wilder.} 11. Qa4 Be6 12. O-O f6 13. Rac1 Qd7) ({Predecessor:} 10... Nxc3 11. bxc3 Rb8 12. O-O Be6 13. Qa4 b5 14. Qh4 Qxh4 15. Nxh4 {½-½ (29) Toma,R (2084)-Obona,J (2036) Slovakia 2002}) 11. h3 Nxc3 12. bxc3 Bf5 13. Nd2 Rb8 14. Rb1 Na5 15. O-O c5 16. c4 b6 17. Kh2 Qd7 18. Ne4 Rbd8 19. Nc3 e4 20. Bxe4 Nxc4 21. dxc4 {[#] Qxd7 is the strong threat.} Bxe4 22. Qxd7 Rxd7 23. Rbd1 Bc6 {Black is slightly better.} 24. Rxd7 Bxd7 25. Rd1 Be6 26. Nd5 {Precision: White = 56%, Black = 64%.} 1/2-1/2

[Event "III Copa Marcel Duchamp 2019"]
[Site "Montevideo"]
[Date "2019.02.14"]
[Round "7.7"]
[White "Fiora, Emilio"]
[Black "Bitelmajer, Martin"]
[Result "0-1"]
[WhiteElo "2190"]
[BlackElo "2453"]
[Annotator "TA"]
[PlyCount "76"]
[EventDate "2019.02.09"]
[EventType "swiss"]
[EventCountry "URU"]
[SourceTitle "playchess.com"]
[Source "ChessBase"]
[SourceQuality "1"]

{[%evp 9,76,9,21,4,20,0,0,-28,70,50,136,146,121,-17,-33,-80,-90,-108,-99,-103,-103,-97,-97,-109,-104,-104,-107,-103,-97,-119,-118,-113,-106,-150,-139,-139,-143,-173,-158,-245,-249,-243,-245,-315,-260,-247,-241,-278,-223,-456,-455,-443,-447,-472,-445,-482,-475,-638,-489,-539,-525,-494,-487,-489,-497,-554,-547,-512,-511]} 1. e4 e5 2. Nf3 Nc6 3. Nc3 Nf6 4. Bb5 Bd6 5. d3 O-O (5... a6 6. Ba4 b5 7. Bb3 Na5 8. d4 exd4 9. Qxd4 O-O 10. Bg5 Be7 11. e5 Ne8 12. Bxe7 Qxe7 13. Nd5 {½-½ (63) Hou,Y (2658)-Ponomariov,R (2686) Shenzhen 2018}) 6. a3 {C48: Four Knights: 4 Bb5, replies other than 4...Bb4} h6 7. g4 Nd4 ({Of course not} 7... Nxg4 $6 8. Rg1 $16) 8. Rg1 {The position is equal.} Nh7 $146 (8... Be7 $11) ({Predecessor:} 8... Be7 9. Bc4 d6 10. h3 c6 11. Ba2 Nh7 12. Be3 Bf6 13. Rg3 Be6 14. Ne2 Bxa2 15. Bxd4 Be6 16. Be3 d5 17. Kf1 Qe7 18. Kg2 {½-½ (18) Grigorian,S (2335)-Schmidek,E (2225) Erfurt 2016}) 9. g5 $14 Nxf3+ (9... Nxg5 $14 10. Nxg5 hxg5) 10. Qxf3 $16 Nxg5 11. Qg2 ({White should try} 11. Bxg5 $16 hxg5 {[#]} 12. h4 $1 {[%mdl 512]}) 11... Qf6 {[#] Threatens to win with ...Nf3+.} 12. Bxg5 Qxg5 13. Qxg5 hxg5 14. Rxg5 g6 15. Bc4 {Strongly threatening Rxg6+.} Kg7 16. Ke2 c6 17. Rag1 Rh8 18. Nd1 Be7 19. R5g2 d6 20. Ne3 Rh5 21. f3 Bd7 22. Nf1 Rah8 23. Rf2 Bg5 24. d4 (24. Rfg2 $17 {was called for.} Bf4 25. Rh1) 24... exd4 $19 25. f4 Bh4 26. Rf3 Bf6 27. Bd3 Rh4 28. Kd2 Bh3 29. e5 $2 (29. Kc1) 29... dxe5 {Black is clearly winning.} 30. fxe5 Bxe5 31. Bc4 Rf4 32. Rxf4 Bxf4+ 33. Kd3 c5 34. Ke4 Rh4 35. Kf3 Bf5 36. Rg2 Bc1 37. Ng3 Bg4+ 38. Kf2 Bh3 {Accuracy: White = 37%, Black = 40%.} 0-1

[Event "III Copa Marcel Duchamp 2019"]
[Site "Montevideo"]
[Date "2019.02.14"]
[Round "7.8"]
[White "Mussanti, Diego"]
[Black "Lujan, Carolina"]
[Result "1-0"]
[WhiteElo "2305"]
[BlackElo "2357"]
[Annotator "TA"]
[PlyCount "107"]
[EventDate "2019.02.09"]
[EventType "swiss"]
[EventCountry "URU"]
[SourceTitle "playchess.com"]
[Source "ChessBase"]
[SourceQuality "1"]

{[%evp 28,107,48,43,49,50,54,28,39,7,18,14,86,80,91,83,84,0,233,232,234,239,285,288,283,270,295,254,237,242,325,335,348,320,392,394,383,385,380,307,295,299,317,297,300,302,564,571,565,567,561,558,755,751,719,675,682,713,650,617,606,583,578,472,870,860,831,818,979,490,677,685,891,872,917,903,1089,1080,1693,1793,1504,1349]} 1. e4 c5 2. Nf3 Nc6 3. d4 cxd4 4. Nxd4 e5 5. Nb5 d6 6. c4 Be7 7. N1c3 a6 8. Na3 f5 9. exf5 Bxf5 10. Bd3 Be6 11. O-O Nf6 12. b3 {B32: Sicilian: Löwenthal and Kalashnikov Variations} O-O 13. Bb2 Kh8 14. Nc2 {[%cal Ba3c2,Bc2e3,Be3f5][%mdl 32]} Rc8 15. Ne3 {LiveBook: 3 Games} Nd4 16. Ne4 $146 ({Predecessor:} 16. Ne2 Nxe2+ 17. Qxe2 e4 18. Bc2 Qa5 19. a3 b5 {0-1 (33) Zambrana,O (2492)-Amura,C (2328) La Punta 2012}) 16... b5 17. Bxd4 {And now Bb2 would win.} exd4 18. Ng5 Bg8 19. Nf5 bxc4 (19... Nd7 $11 {remains equal.} 20. Nf3 (20. Nxe7 Qxe7 21. Nf3 bxc4 $11) 20... bxc4 21. bxc4 Ne5) 20. Bxc4 $16 Nd5 21. Nxe7 Qxe7 {[#]} 22. Qg4 (22. Nxh7 $1 $16 {[%mdl 512]} Rf5 (22... Bxh7 23. Bxd5) 23. Qg4 (23. Qxd4 Nf4 $17) (23. Bxa6 Rc5 $11)) 22... Rce8 $2 (22... h6 $11 23. Nh3 Qf6) 23. Bxd5 $1 $18 ({Weaker is} 23. Bxa6 Nf4 $11) 23... Bxd5 {[#]} 24. Nxh7 $1 $40 {[%mdl 640] White wants a kill.} Rf7 (24... Kxh7 25. Qh5+) 25. Ng5 {Threatening mate with Qh5+.} Rf6 26. Qxd4 Qe5 27. Qxe5 Rxe5 {[#]} 28. h4 $1 Rh6 29. f4 Re2 30. Rf2 Rxf2 31. Kxf2 Rxh4 {[%mdl 4096] Endgame KRB-KRN} 32. Kg3 Rh6 33. Rc1 {Threatens to win with Rc8+.} Rf6 34. Rc8+ Bg8 35. Rd8 d5 36. Kg4 g6 $2 (36... Rc6 {is a better defense.} 37. g3 Rc2) 37. Nf3 {White is clearly winning.} Kg7 38. Nd4 Rb6 39. Kg5 Rb4 40. Rd7+ Kf8 41. Nc6 Rb6 42. Ne5 Be6 43. Nxg6+ Ke8 44. Rc7 d4 45. Ne5 Rb5 (45... Rd6 $142 46. Rc2 Rd5) 46. Kf6 {Strongly threatening Re7+.} Kd8 47. Rc6 Bd5 48. Rxa6 Kc7 49. g4 {[%cal Bg2g4,Bg4g5,Bg5g6][%mdl 32]} Be4 50. Ra7+ Kc8 51. Nc4 {Black must now prevent Nd6+.} Kb8 52. Rd7 Bd5 53. g5 d3 54. g6 {Precision: White = 79%, Black = 38%.} 1-0

[Event "III Copa Marcel Duchamp 2019"]
[Site "Montevideo"]
[Date "2019.02.14"]
[Round "7.9"]
[White "Hurtado Bahamonde, Rodrigo"]
[Black "Ricardi, Pablo"]
[Result "0-1"]
[WhiteElo "2172"]
[BlackElo "2479"]
[Annotator "TA"]
[PlyCount "116"]
[EventDate "2019.02.09"]
[EventType "swiss"]
[EventCountry "URU"]
[SourceTitle "playchess.com"]
[Source "ChessBase"]
[SourceQuality "1"]

{[%evp 18,116,0,0,0,0,0,5,23,0,3,-106,-107,-129,43,49,37,-134,-121,-137,-107,-149,-130,-166,-149,-165,0,0,14,14,104,126,110,84,92,68,71,0,0,0,0,0,40,0,0,0,150,133,413,411,368,348,461,461,690,707,1131,1147,1145,1131,1048,1059,1033,981,959,954,951,904,903,850,899,-247,-255,-1366,-1432,-1406,-1397,-1304,-1199,-1116,-759,-656,-638,-29972,-29973,-29973,-29973,-29973,-29974,-29975,-29975,-29975,-29976,-29976,-29977,-29975,-29976,-29975,-12532,-6342,-6342]} 1. e4 c5 2. Nf3 e6 3. d4 cxd4 4. Nxd4 a6 5. Nc3 Qc7 6. Qf3 {B43: Sicilian: Kan Variation: 5 Nc3} (6. g3 Bb4 7. Nde2 Nf6 8. Bg2 Nc6 9. O-O Be7 10. a4 O-O 11. b3 b6 12. Bb2 Bb7 13. Nf4 Rac8 14. Nce2 Ne5 15. Nd3 Ng6 16. Nc3 Rfd8 17. Re1 d5 18. exd5 Nxd5 19. Nxd5 Bxd5 20. Bxd5 Rxd5 {0-1 (70) Mamedov,R (2703)-Smirin,I (2609) St Petersburg 2018}) 6... Nf6 7. Qg3 d6 8. Be3 b5 9. a3 Bb7 10. Bd3 {LiveBook: 4 Games} Nbd7 11. O-O Rc8 12. Rae1 $146 ({Predecessor:} 12. f3 h5 13. Rad1 h4 {0-1 (44) Tsoi,D (2262)-Drygalov,S (2424) Moscow 2017}) 12... Ne5 13. f4 Nc4 14. e5 (14. Bxc4 $1 $11 bxc4 15. e5 dxe5 16. fxe5) 14... dxe5 $17 15. fxe5 Nxe3 $2 (15... Qxe5 $17 16. Bxc4 Qxg3 17. Bxb5+ axb5 18. hxg3 b4 19. axb4 Bxb4) 16. Rxe3 $14 {Ncxb5 is the strong threat.} Bc5 17. Bxb5+ $2 ({Wrong is} 17. Qxg7 $2 Rg8 $19) (17. Nce2 $1 $14 {was the only good move.} Nh5 18. Qh3) 17... axb5 $17 18. Ncxb5 Qb6 19. c3 Nh5 $1 {[%cal Rh5g3]} 20. Qh3 g6 $1 21. g4 {[#]} Ng7 $2 (21... Ba6 $1 $19 {[%cal Ra6b5]} 22. Nd6+ Bxd6 23. exd6 Bxf1 24. Qxf1 Qxd6 25. gxh5 gxh5 26. Qb5+ Kf8) 22. Qh6 $1 $11 {[%cal Rh6g7]} Bxd4 23. Nd6+ {[#]} Qxd6 $1 {[%mdl 512]} 24. exd6 $16 Bxe3+ 25. Qxe3 {aiming for d7+!} O-O 26. Qa7 {[%mdl 1024] White has strong compensation.} Bd5 27. Qe7 ({Better is} 27. d7 $16 Rcd8 28. h3) 27... Rce8 $11 28. Qc7 {And now d7 would win.} Rc8 29. Qe7 Rce8 $1 {[%cal Re8e7]} 30. Qc7 {Strongly threatening d7.} e5 31. c4 {[%cal Bc3c4,Bc4c5,Bc5c6,Bc6c7][%mdl 32]} Be6 (31... Ne6 $11 32. Qd7 Bxc4 33. Rxf7 Ng5 34. Rxf8+ Rxf8) 32. c5 $36 {[%mdl 2048] Threatens to win with d7. White is on the roll.} Bxg4 $2 {[%mdl 8192]} (32... Rc8 $16 {was called for.} 33. Qa7 Rfd8) 33. d7 $18 Bxd7 34. Qxd7 e4 35. c6 e3 (35... Rd8 $142) 36. c7 Nf5 37. b4 {[%cal Bb2b4,Bb4b5][%mdl 32]} Ne7 38. b5 e2 39. Re1 Nc8 40. Kf2 Re7 41. Qc6 Re6 42. Qc5 Rfe8 43. a4 Re5 44. Qxe5 $4 {[%mdl 8192]} (44. Qd4 $18 {avoids the disaster.}) 44... Rxe5 $19 45. Rxe2 $2 (45. a5 Rxb5 46. Rxe2) 45... Rxe2+ 46. Kxe2 $18 {[%mdl 4096] Endgame KN-KP} Kf8 47. a5 Ke7 48. b6 Kd7 49. Kf3 Kc6 50. h4 h5 51. Kf4 {[#]} f6 $1 52. Kf3 Nd6 53. Kg2 Kb7 54. Kf3 Nc4 55. a6+ Kc8 56. b7+ Kxc7 57. Ke4 Nb6 (57... g5 $142 58. hxg5 fxg5 59. Kf3 h4 60. Kg4 Ne3+ 61. Kf3 h3 62. Kxe3 h2 63. Ke4 h1=Q+ 64. Kf5 Qh4 65. Ke5 Qf4+ 66. Ke6 g4 67. a7 Kxb7 68. Kd7 Qe5 69. a8=Q+ Kxa8 70. Kc6 Ka7 71. Kd7 Kb6 72. Kd8 Kc6 73. Kc8 Qh8#) 58. Kd4 $19 g5 {Precision: White = 41%, Black = 48%.} 0-1

[Event "III Copa Marcel Duchamp 2019"]
[Site "Montevideo"]
[Date "2019.02.14"]
[Round "7.10"]
[White "Sosa Macho, Juan Manuel"]
[Black "Lopez Azambuja, Nicolas"]
[Result "0-1"]
[WhiteElo "2079"]
[BlackElo "2320"]
[Annotator "TA"]
[PlyCount "120"]
[EventDate "2019.02.09"]
[EventType "swiss"]
[EventCountry "URU"]
[SourceTitle "playchess.com"]
[Source "ChessBase"]
[SourceQuality "1"]

{[%evp 25,120,-5,-9,-19,-10,-31,-45,-38,-43,-36,-45,-46,-10,-22,-19,-28,-31,-38,-34,-42,-31,-41,-49,-49,-54,-140,-134,-202,-204,-225,-229,-241,-221,-237,-250,-241,-250,-270,-264,-285,-278,-279,-276,-293,-290,-291,-270,-280,-270,-291,-291,-291,-277,-281,-275,-344,-293,-412,-411,-511,-511,-511,-511,-665,-642,-631,-626,-752,-708,-1079,-838,-1609,-1568,-1343,-988,-1199,-957,-837,-788,-1099,-1069,-1909,-1561,-1574,-1564,-1503,-1561,-1564,-1504,-1503,-1475,-1394,-1352,-2555,-2380,-2166,-2028]} 1. d4 Nf6 2. c4 e6 3. Nf3 b6 4. Nbd2 Bb7 5. e3 c5 6. Bd3 cxd4 7. exd4 Be7 8. O-O O-O 9. Re1 d5 10. b3 Nc6 11. Bb2 Rc8 12. Rc1 Re8 {E14: Queen's Indian: Classical Variation (4 e3)} 13. Bb1 (13. a3 Bf8 14. c5 a5 15. Bc3 bxc5 16. dxc5 d4 17. Bb2 e5 18. Ng5 Rc7 19. Bc4 h6 20. Nge4 Bc8 21. Nxf6+ Qxf6 {½-½ (146) Nisipeanu,L (2674)-Kramnik,V (2812) Dortmund 2016 CBM 174 [Krasenkow,M]}) 13... Bf8 {[#] LiveBook: 3 Games} 14. Nf1 $146 ({Predecessor:} 14. c5 bxc5 15. dxc5 Nd7 16. Qc2 g6 17. b4 e5 18. b5 Bxc5 19. bxc6 Rxc6 {1-0 (40) Abergel,T (2509)-Meszaros,T (2432) Harkany 2008}) 14... g6 {The position is equal.} 15. Ne5 Bg7 16. Ne3 dxc4 17. N3xc4 b5 18. Ne3 Nb4 19. Rxc8 Qxc8 20. Qc1 Nbd5 21. Qxc8 Rxc8 22. Bd3 a6 23. Rc1 Rxc1+ 24. Bxc1 Nb4 25. Bb1 (25. a3 $15 Nxd3 26. Nxd3) 25... Be4 $1 $17 {[%cal Re4b1]} 26. Bxe4 (26. a3 $17 {keeps fighting.} Bxb1 27. axb4) 26... Nxe4 $19 ({Much less strong is} 26... Nxa2 27. Bxg6 hxg6 28. Bb2 $15) 27. a3 {[#]} Bxe5 $1 28. axb4 Bxd4 {[%mdl 4096] Endgame KBN-KBN} 29. Kf1 Bc3 30. Nc2 Nf6 31. Be3 Nd5 32. Bc5 f5 33. Ke2 e5 34. g3 Kf7 35. f3 Ke6 36. Kd3 Bb2 37. Ne1 Ba3 38. Nc2 {[#]} Bc1 $1 39. Ne1 h5 40. Kc2 Bh6 41. Nd3 (41. Kd3 $142) 41... e4 42. fxe4 fxe4 {Black is clearly winning.} 43. Ne1 Kf5 44. Kd1 Kg4 45. Ke2 Kh3 46. Nc2 Kxh2 47. Kf2 Kh3 48. Ne1 Bd2 49. Nc2 g5 {[%cal Bg6g5,Bg5g4][%mdl 32]} 50. Bd6 g4 51. Ke2 e3 52. Kd3 Kg2 53. Ke2 Nc3+ 54. Kd3 Kf3 55. Nd4+ Kf2 56. Be5 Nd5 57. Ke4 Nxb4 58. Bf4 Na2 59. Kf5 Bc3 60. Nc2 e2 {Precision: White = 37%, Black = 91%.} 0-1

[Event "III Copa Marcel Duchamp 2019"]
[Site "Montevideo"]
[Date "2019.02.14"]
[Round "7.11"]
[White "Curi, Gabriel"]
[Black "Scarella, Enrique Alejandro"]
[Result "1-0"]
[WhiteElo "2159"]
[BlackElo "2304"]
[Annotator "TA"]
[PlyCount "100"]
[EventDate "2019.02.09"]
[EventType "swiss"]
[EventCountry "URU"]
[SourceTitle "playchess.com"]
[Source "ChessBase"]
[SourceQuality "1"]

{[%evp 11,100,71,75,45,45,42,53,11,10,-19,24,24,49,50,59,24,30,0,0,0,0,0,4,0,6,9,13,6,32,2,8,1,0,9,41,0,0,8,23,0,17,0,0,14,22,17,29,0,0,0,0,0,0,0,0,0,0,0,212,200,504,504,454,431,639,591,892,874,862,799,29956,29967,29965,29967,29966,29967,29967,29969,29970,29970,29964,29969,29969,29973,29973,29974,29973,29975,29979,29980,29980]} 1. e4 d5 2. exd5 Nf6 3. Bb5+ Bd7 4. Be2 Nxd5 5. d4 g6 6. Nf3 Bg7 7. O-O {B01: Scandinavian Defence} (7. h3 O-O 8. O-O b5 9. Re1 a6 10. Nbd2 Bf5 11. c3 Nf4 12. Nb3 Nxe2+ 13. Qxe2 Nc6 14. Bf4 Be6 {1-0 (38) Yu,Y (2688)-Thorhallsson,T (2441) Reykjavik 2013}) 7... O-O 8. c4 Nb6 9. h3 {White is slightly better.} c5 10. Be3 cxd4 11. Bxd4 Bxd4 $146 ({Predecessor:} 11... Be6 12. c5 N6d7 13. Ng5 Bf5 14. Nc3 Nf6 {½-½ (30) Vinke,D (2237)-Hartikainen,J (2216) Finland 2002}) 12. Qxd4 Bc6 13. Rd1 (13. Qh4 {looks sharper.} N8d7 14. b3 h5 15. Qg3 e5 16. Ng5) 13... Qxd4 14. Rxd4 (14. Nxd4 {with more complications.} e5 15. Nb5 N8d7 16. N1c3 a5 17. a3) 14... Bxf3 15. Bxf3 Nc6 16. Bxc6 bxc6 17. Na3 Rfc8 18. b3 Kf8 19. Rad1 Ke8 20. Kf1 Rd8 21. Ke2 Rxd4 22. Rxd4 $11 {[%mdl 4096] Endgame KRN-KRN} Rd8 23. Nc2 (23. Rh4 {seems wilder.} h5 24. g4 hxg4 25. hxg4 Nd7 26. Rh8+) 23... Rxd4 24. Nxd4 {KN-KN} Kd7 $1 25. Kd3 e5 26. Ne2 f5 27. b4 h6 28. Nc3 Ke6 29. a4 c5 30. bxc5 Nd7 31. c6 Nc5+ 32. Ke3 Kd6 33. Nb5+ Kxc6 34. Nxa7+ Kb6 $2 {[#]} (34... Kd7 $1 $11) 35. Nc8+ $18 Ka5 $2 (35... Kc7 {is a better chance.}) 36. Ne7 f4+ 37. Kf3 Nd3 (37... g5 $142 38. Nc6+ Kxa4) 38. Nxg6 Kxa4 39. Ke4 Nxf2+ 40. Kxe5 Nxh3 41. Nxf4 {White mates.} Nf2 42. c5 Kb5 43. Kd5 Nd1 {[#]} 44. c6 $1 {[%cal Rc6c7]} Ne3+ 45. Ke4 Nc4 46. c7 Nb6 47. Nd5 Nc8 48. Ke5 Kc6 49. Ke6 Nd6 50. g4 Nc8 {Accuracy: White = 49%, Black = 53%.} 1-0

[Event "III Copa Marcel Duchamp 2019"]
[Site "Montevideo"]
[Date "2019.02.14"]
[Round "7.12"]
[White "Larrea, Manuel"]
[Black "Lagar, Valentin Alejo"]
[Result "1-0"]
[WhiteElo "2269"]
[BlackElo "2196"]
[Annotator "TA"]
[PlyCount "77"]
[EventDate "2019.02.09"]
[EventType "swiss"]
[EventCountry "URU"]
[SourceTitle "playchess.com"]
[Source "ChessBase"]
[SourceQuality "1"]

{[%evp 13,77,8,20,23,26,24,14,20,33,9,58,34,68,52,52,56,60,65,41,36,33,44,53,0,5,0,0,-44,-39,-41,-5,0,0,0,75,16,187,0,0,-38,0,-45,924,924,924,924,924,924,924,816,748,733,728,722,1546,1167,1448,1363,1852,1664,1254,1689,29964,6231,29987,29988]} 1. e4 e5 2. Nf3 Nc6 3. Bc4 Bc5 4. c3 Nf6 5. d3 d6 6. a4 a5 7. O-O O-O 8. Bg5 {C54: Giuoco Piano: 4 c3 Nf6, main lines with 5 d4 and 5 d3} h6 9. Bh4 g5 (9... Ba7 10. Na3 g5 11. Bg3 Nh7 12. Nb5 Bb6 13. d4 Qf6 {0-1 (127) Harikrishna,P (2725)-Hovhannisyan,R (2637) St Petersburg 2018}) 10. Bg3 {The position is equal.} Bg4 11. Nbd2 Nh7 $146 ({Predecessor:} 11... Qd7 12. Bb5 Ba7 13. Nc4 Nh5 14. Kh1 f5 15. Ncxe5 Nxg3+ 16. hxg3 dxe5 {0-1 (27) Haria,R (2441)-Storme,I (2271) Stockholm 2019}) 12. Re1 Qf6 13. Qb3 Bb6 14. h3 Bd7 15. d4 h5 16. Bd5 g4 17. hxg4 hxg4 18. Bxc6 ({White should try} 18. Nh2 $14) 18... Bxc6 19. dxe5 Qh6 20. exd6 {Black must now prevent Nd4.} gxf3 21. Nxf3 Qe6 22. c4 Bc5 23. dxc7 Bxe4 (23... Nf6 $11 {keeps the balance.}) 24. Nd2 ({Better is} 24. Ne5 $1 $16 Ng5 25. Rad1) 24... Nf6 $2 {[#]} (24... f5 $1 $11 {and Black stays safe.}) 25. Nxe4 $2 ({White should play} 25. Bh4 $1 $18 Qg4 {[%mdl 64] Double Attack} 26. Qh3 Qxh3 27. gxh3) 25... Nxe4 $11 26. Qxb7 Rfe8 27. Rad1 {Qxa8! is the strong threat.} Qg4 $2 {[%mdl 8192] [#]} (27... Qf5 $15 28. Rxe4 Qxe4) 28. Qxa8 $1 $18 {[%mdl 576] Remove Defender, Decoy} Rxa8 29. Rd8+ {[%mdl 64] Double Attack} Kh7 30. Rxa8 Qxg3 {[#]} 31. Rh8+ $1 {[%mdl 512]} Kg7 {[#]} (31... Kxh8 32. c8=Q+) 32. Rg8+ $1 {[%mdl 576] Skewer, Decoy, Promotion} Kxg8 33. c8=Q+ Kh7 {[#]} 34. Qxc5 $1 {[%mdl 512]} Qg6 (34... Nxc5 35. fxg3) 35. Qxa5 Ng5 36. Qd5 Nh3+ 37. Kf1 Ng5 38. f4 Qa6 39. Qf5+ {Accuracy: White = 46%, Black = 37%.} 1-0

[Event "III Copa Marcel Duchamp 2019"]
[Site "Montevideo"]
[Date "2019.02.14"]
[Round "7.13"]
[White "Muniz, Rafael"]
[Black "Trois, Francisco R.T."]
[Result "1-0"]
[WhiteElo "2250"]
[BlackElo "2152"]
[Annotator "NA RC"]
[PlyCount "79"]
[EventDate "2019.02.09"]
[EventType "swiss"]
[EventCountry "URU"]
[SourceTitle "playchess.com"]
[Source "ChessBase"]
[SourceQuality "1"]
[TimeControl "5400+30"]

1. e4 d6 2. d4 g6 3. Nc3 Bg7 4. Be3 c6 5. a4 a5 6. h3 Nf6 7. Nf3 O-O 8. Be2 Na6 9. O-O Nb4 10. Qd2 Qc7 11. Bh6 e5 12. Bxg7 Kxg7 13. dxe5 dxe5 14. Rfd1 Be6 15. Rac1 Rad8 16. Qg5 Nd7 17. Rd2 f6 18. Qe3 Nb6 19. Qc5 Rxd2 20. Nxd2 Nc8 21. Bg4 b6 22. Qe3 Bf7 23. Ncb1 Na6 24. Na3 Nd6 25. b3 Nc5 26. Be2 Rd8 27. h4 Qe7 28. Bc4 Nxc4 29. Naxc4 Qa7 30. h5 g5 31. Nxe5 Re8 32. h6+ Kxh6 33. Ng4+ Kg6 34. e5 f5 35. Nf6 Re6 36. Nf3 f4 37. Qe2 Qe7 38. Nh4+ gxh4 39. Qh5+ Kg7 40. Qxh7+ 1-0

[Event "III Copa Marcel Duchamp 2019"]
[Site "Montevideo"]
[Date "2019.02.14"]
[Round "7.14"]
[White "Barreto, Ignacio C. de Barro"]
[Black "Meza, Anahi"]
[Result "1-0"]
[WhiteElo "2212"]
[BlackElo "2058"]
[Annotator "NA RC"]
[PlyCount "65"]
[EventDate "2019.02.09"]
[EventType "swiss"]
[EventCountry "URU"]
[SourceTitle "playchess.com"]
[Source "ChessBase"]
[SourceQuality "1"]
[TimeControl "5400+30"]

1. d4 Nf6 2. Nc3 c5 3. d5 e6 4. e4 exd5 5. e5 Ng8 6. Qxd5 Ne7 7. Qe4 a6 8. Bf4 Ng6 9. Bg3 Be7 10. h4 Nc6 11. Nf3 Nf8 12. O-O-O Ne6 13. Bc4 b5 14. Bd5 Bb7 15. Qg4 h5 16. Qe4 Qa5 17. Kb1 Rb8 18. Ng5 Bxg5 19. hxg5 g6 20. f4 b4 21. Ne2 b3 22. axb3 O-O 23. Be1 Qc7 24. g4 Ne7 25. c4 Bc6 26. gxh5 Rxb3 27. Nc1 Rb7 28. Bc3 Rfb8 29. Rh2 Ng7 30. hxg6 Nxg6 31. Qxg6 Bxd5 32. Qh7+ Kf8 33. cxd5 1-0